Statistiken für Harry Potter Quiz (Hogwarts: Schulnoten)

Klicken Sie hier um das Quiz zu spielen!

Allgemein

  • Dieses Quiz wurde 145 mal gespielt
  • Das Durchschnittsergebnis liegt bei 2 aus 6

Antwortstatistiken

AbkürzungPrädikat% Korrekt
T (n.b.)Troll
96%
OOutstanding
23%
AAcceptable
20%
P (n.b.)Poor
12%
D (n.b.)Dreadful
8%
EExceeds Expectations
8%

Verteilung der Resultate

Perzentil nach korrekt beantworteten Fragen

Anzahl Personen mit jedem Resultat

Ihre Resultats-Entwicklung

Sie haben dieses Quiz noch nicht gespielt